000 00413nam a2200181Ia 4500
001 18894
005 20260306171704.0
008 260306s9999||||xx |||||||||||||| ||und||
041 _aESP
082 _a658.562
_bB45
100 _aBerlinches Cerezo, Andrés
_eAUT
245 0 _aCalidad
260 _c2002
300 _a132 páginas :
_c29 cm.
650 _aGEN
654 _aCAN
942 _cLIB
_dJUS
_fJUS
_2ddc
_n
999 _c18894
_d18894